|
|
|
|
| LEADER |
01044cam a2200289 7i4500 |
| 001 |
0000019481 |
| 005 |
20090618090000.0 |
| 008 |
071213 eng |
| 020 |
|
|
|a 9780538443548
|
| 020 |
|
|
|a 0538443545 (hbk.)
|
| 040 |
|
|
|a OhCoOLI
|
| 090 |
0 |
0 |
|a HF5548
|b .O45 2007
|
| 100 |
1 |
|
|a Oliverio, Mary Ellen
|
| 245 |
1 |
4 |
|a The office :
|b procedures and technology
|c Mary Ellen Oliverio, William R. Pasewark, Bonnie R. White ; contributing author Dianne Rankin.
|
| 250 |
|
|
|a 5th ed.
|
| 260 |
|
|
|a Mason, Ohio:
|b Thomson South-Western Pub.,
|c 2007.
|
| 300 |
|
|
|a xv, 603 p.:
|b col. ill.;
|c 29 cm.
|
| 500 |
|
|
|a Includes index
|
| 650 |
0 |
0 |
|a Career development
|
| 650 |
0 |
0 |
|a Office management
|
| 650 |
0 |
0 |
|a Office procedures
|
| 700 |
1 |
|
|a White, Bonnie Roe
|
| 700 |
1 |
|
|a Rankin, Dianne
|
| 700 |
1 |
|
|a Pasewark, William Robert
|
| 999 |
|
|
|a 0000023647
|b BOK
|c OPEN SHELF
|e 1st Floor, Bestari Jaya
|
| 999 |
|
|
|a 0000023978
|b BOK
|c OPEN SHELF
|e 1st Floor, Bestari Jaya
|
| 999 |
|
|
|a 0000028284
|b BOK
|c OPEN SHELF
|e 1st Floor, Bestari Jaya
|